000
00329 a2200169 4500
001
172196
020
_a
040
_c
Magnum
100
_a
Jose, Elias
240
1
0
_a
Só um cara viu
_l
por
245
1
0
_a
Só um cara viu
300
_a
11
362
0
_a
1991
440
1
_a
Lê
697
_a
LITERATURA INFANTIL
942
_c
BK
999
_c
172196
_d
172196